<?xml version="1.0" encoding="UTF-8"?>
<record
    xmlns:xsi="http://www.w3.org/2001/XMLSchema-instance"
    xsi:schemaLocation="http://www.loc.gov/MARC21/slim http://www.loc.gov/standards/marcxml/schema/MARC21slim.xsd"
    xmlns="http://www.loc.gov/MARC21/slim">

  <leader>03102nam a2200289 a 4500</leader>
  <controlfield tag="001">000009060</controlfield>
  <controlfield tag="003">DO-SdBNP</controlfield>
  <controlfield tag="005">20240711084822.0</controlfield>
  <controlfield tag="007">000009060</controlfield>
  <controlfield tag="008">090925s2001    dr    000 p spa d</controlfield>
  <datafield tag="040" ind1=" " ind2=" ">
    <subfield code="a">BPMSU</subfield>
    <subfield code="b">spa</subfield>
    <subfield code="c">BPMSU</subfield>
  </datafield>
  <datafield tag="082" ind1=" " ind2="4">
    <subfield code="a">RD861.08</subfield>
    <subfield code="b">D722c 2001</subfield>
    <subfield code="2">22</subfield>
  </datafield>
  <datafield tag="245" ind1="0" ind2="0">
    <subfield code="a">Dos cientos de los mejores sonetos dominicanos /</subfield>
    <subfield code="c">compilador Julio Jaime Julia ; editores Jos&#xE9; Rafael Vargas, Tom&#xE1;s Castro Burdiez ; pr&#xF3;logo Mariano Lebr&#xF3;n Savi&#xF1;on.</subfield>
  </datafield>
  <datafield tag="260" ind1=" " ind2=" ">
    <subfield code="a">Santo Domingo :</subfield>
    <subfield code="b">El Siglo,</subfield>
    <subfield code="c">2001.</subfield>
  </datafield>
  <datafield tag="300" ind1=" " ind2=" ">
    <subfield code="a">203 p. ;</subfield>
    <subfield code="c">22 cm.</subfield>
  </datafield>
  <datafield tag="505" ind1="0" ind2=" ">
    <subfield code="t">Advertencia --</subfield>
    <subfield code="t">Pr&#xF3;logo --</subfield>
    <subfield code="t">Pr&#xF3;logo en dos etapas --</subfield>
    <subfield code="t">Primeros cien de los mejores dominicanos --</subfield>
    <subfield code="t">Aquella noche ;</subfield>
    <subfield code="t">La joya humana ;</subfield>
    <subfield code="t">Elegia del viejo Frac. ;</subfield>
    <subfield code="t">Sobre un tema de Pedro Casals ;</subfield>
    <subfield code="t">Madrigal del tocador ;</subfield>
    <subfield code="t">Un saludo /</subfield>
    <subfield code="r">Porfirio Herrera (1881-1974) --</subfield>
    <subfield code="t">Confidencias ;</subfield>
    <subfield code="t">Confidencias ;</subfield>
    <subfield code="t">El tel&#xE9;fono ;</subfield>
    <subfield code="t">Azul ;</subfield>
    <subfield code="t">Verde /</subfield>
    <subfield code="r">Jos&#xE9; Audilio Santana (1882-1915) --</subfield>
    <subfield code="t">Oh! Tardes adorables ...! ;</subfield>
    <subfield code="t">Paisaje ;</subfield>
    <subfield code="t">Anestesia ;</subfield>
    <subfield code="t">I ;</subfield>
    <subfield code="t">II ;</subfield>
    <subfield code="t">Serenamente gris ;</subfield>
    <subfield code="t">Pareces una tarde ;</subfield>
    <subfield code="t">S&#xED;mbolo ;</subfield>
    <subfield code="t">Lirio /</subfield>
    <subfield code="r">Federico Berm&#xFA;dez (1884-1921) --</subfield>
    <subfield code="t">Medalla de idilio ;</subfield>
    <subfield code="t">Perennidad ;</subfield>
    <subfield code="t">Noviembre ;</subfield>
    <subfield code="t">Misterios helenicos ;</subfield>
    <subfield code="t">La musa Egregia ;</subfield>
    <subfield code="t">Sinfon&#xED;a nupcial ;</subfield>
    <subfield code="t">Espirales de fe (elogio a la Virginidad de Mar&#xED;a) ;</subfield>
    <subfield code="t">Vibraciones de amanecer ;</subfield>
    <subfield code="t">Pecador y cristiano ;</subfield>
    <subfield code="t">Par&#xED;s amaneciendo /</subfield>
    <subfield code="r">Osvaldo Bazil (1884-1946) --</subfield>
    <subfield code="t">Mudanza ;</subfield>
    <subfield code="t">16 de agosto ;</subfield>
    <subfield code="t">Dominicano libre ;</subfield>
    <subfield code="t">Como hermanos ;</subfield>
    <subfield code="t">Los de adarga antigua ;</subfield>
    <subfield code="t">El lago pensativo ,</subfield>
    <subfield code="t">Criolla /</subfield>
    <subfield code="r">Emilio A. Morel (1884-1958) --</subfield>
    <subfield code="t">Aquel pa&#xF1;uelo blanco /</subfield>
    <subfield code="r">Virgilio Mart&#xED;nez Reina --</subfield>
    <subfield code="t">A la mujer vegana ;</subfield>
    <subfield code="t">Homus /</subfield>
    <subfield code="r">Baldemaro Rijo (1885-1939) --</subfield>
    <subfield code="t">Ma&#xF1;anas infantiles ;</subfield>
    <subfield code="t">Cuentas de rosario ;</subfield>
    <subfield code="t">Baile nacional ;</subfield>
    <subfield code="t">Autosemblanza ;</subfield>
    <subfield code="t">Verdad ;</subfield>
    <subfield code="t">Metamorfosis ;</subfield>
    <subfield code="t">Naturaleza ;</subfield>
    <subfield code="t">Ciudad y campo ;</subfield>
    <subfield code="t">Belleza ;</subfield>
    <subfield code="t">Bronce ;</subfield>
    <subfield code="t">Los ojos y el beso ;</subfield>
    <subfield code="t">Grano y canci&#xF3;n /</subfield>
    <subfield code="r">Ram&#xF3;n Emilio Jim&#xE9;nez (1886-1970) --</subfield>
    <subfield code="t">El poema de la sabana ;</subfield>
    <subfield code="t">I ;</subfield>
    <subfield code="t">II ;</subfield>
    <subfield code="t">III ;</subfield>
    <subfield code="t">IV ;</subfield>
    <subfield code="t">V ;</subfield>
    <subfield code="t">VI ;</subfield>
    <subfield code="t">VII ;</subfield>
    <subfield code="t">VIII ;</subfield>
    <subfield code="t">IX ;</subfield>
    <subfield code="t">X ;</subfield>
    <subfield code="t">XI ;</subfield>
    <subfield code="t">Soledumbre ;</subfield>
    <subfield code="t">Destino ;</subfield>
    <subfield code="t">El regreso /</subfield>
    <subfield code="r">V&#xED;ctor Garrido (1886-1972) --</subfield>
    <subfield code="t">Camino de Los Andes ;</subfield>
    <subfield code="t">Los crep&#xFA;sculos ;</subfield>
    <subfield code="t">Los volcanes ;</subfield>
    <subfield code="t">Las selvas ;</subfield>
    <subfield code="t">Las orqu&#xED;deas ;</subfield>
    <subfield code="t">Los ausoles de El Salvador ;</subfield>
    <subfield code="t">Las playas ;</subfield>
    <subfield code="t">Las junglas ;</subfield>
    <subfield code="t">Las campi&#xF1;as salvadore&#xF1;as ;</subfield>
    <subfield code="t">Los paisajes dominicanos /</subfield>
    <subfield code="r">Primitivo Herrera (1888-1953) --</subfield>
    <subfield code="t">Guarda el alma tranquila ;</subfield>
    <subfield code="t">Forja tu propia musa ;</subfield>
    <subfield code="t">Nutre tu noble espiritu ;</subfield>
    <subfield code="t">Lucha sin tregua ;</subfield>
    <subfield code="t">Ante tu propio orgullo ;</subfield>
    <subfield code="t">Escribe con tus ansias ;</subfield>
    <subfield code="t">Aprisiona la copa ;</subfield>
  </datafield>
  <datafield tag="505" ind1="0" ind2=" ">
    <subfield code="t">Traza a tu anhelo ;</subfield>
    <subfield code="t">Cuando a beber te ofrezcan ;</subfield>
    <subfield code="t">Procura cuando sue&#xF1;es /</subfield>
    <subfield code="r">Julio A. Pi&#xF1;eyro (1888-1967) --</subfield>
    <subfield code="t">Silencio ;</subfield>
    <subfield code="t">In&#xFA;til ;</subfield>
    <subfield code="t">Resurrexit ;</subfield>
    <subfield code="t">Tu mano ;</subfield>
    <subfield code="t">El obrero ;</subfield>
    <subfield code="t">Del sendero ;</subfield>
    <subfield code="t">Mi soneto ;</subfield>
    <subfield code="t">La canci&#xF3;n del olvido ;</subfield>
    <subfield code="t">Hombre ;</subfield>
    <subfield code="t">Fiat /</subfield>
    <subfield code="r">Rafael Emilio Sanabia (1888-1973)</subfield>
  </datafield>
  <datafield tag="590" ind1=" " ind2=" ">
    <subfield code="a">Inventariado, 2024/VM</subfield>
  </datafield>
  <datafield tag="650" ind1=" " ind2="4">
    <subfield code="a">poes&#xED;a dominicana</subfield>
  </datafield>
  <datafield tag="650" ind1=" " ind2="4">
    <subfield code="a">Literatura dominicana</subfield>
  </datafield>
  <datafield tag="700" ind1="1" ind2=" ">
    <subfield code="a">Julia, Julio Jaime,</subfield>
    <subfield code="e">compilador.</subfield>
  </datafield>
  <datafield tag="700" ind1="1" ind2=" ">
    <subfield code="a">Lebr&#xF3;n Savi&#xF1;&#xF3;n, Mariano,</subfield>
    <subfield code="e">pr&#xF3;l.</subfield>
  </datafield>
  <datafield tag="700" ind1="1" ind2=" ">
    <subfield code="a">Vargas, Jos&#xE9; Rafael,</subfield>
    <subfield code="e">ed.</subfield>
  </datafield>
  <datafield tag="700" ind1="1" ind2="2">
    <subfield code="a">Castro Burdiez, Tom&#xE1;s,</subfield>
    <subfield code="e">ed.</subfield>
  </datafield>
  <datafield tag="910" ind1=" " ind2=" ">
    <subfield code="a">VMateo V. Control de calidad BPMSU</subfield>
  </datafield>
  <datafield tag="942" ind1=" " ind2=" ">
    <subfield code="2">ddc</subfield>
    <subfield code="c">BK</subfield>
  </datafield>
  <datafield tag="952" ind1=" " ind2=" ">
    <subfield code="0">0</subfield>
    <subfield code="1">0</subfield>
    <subfield code="2">ddc</subfield>
    <subfield code="4">0</subfield>
    <subfield code="7">0</subfield>
    <subfield code="8">CD</subfield>
    <subfield code="a">BPMET</subfield>
    <subfield code="b">BPMET</subfield>
    <subfield code="d">2015-04-30</subfield>
    <subfield code="e">FUNDI</subfield>
    <subfield code="l">0</subfield>
    <subfield code="o">BPMSU CD RD861.08 D722c 2001</subfield>
    <subfield code="p">BPMSU15041490</subfield>
    <subfield code="r">2015-04-30</subfield>
    <subfield code="w">2015-04-30</subfield>
    <subfield code="y">BK</subfield>
  </datafield>
  <datafield tag="952" ind1=" " ind2=" ">
    <subfield code="0">0</subfield>
    <subfield code="1">0</subfield>
    <subfield code="2">ddc</subfield>
    <subfield code="4">0</subfield>
    <subfield code="7">0</subfield>
    <subfield code="8">CD</subfield>
    <subfield code="a">BPMET</subfield>
    <subfield code="b">BPMET</subfield>
    <subfield code="d">2015-04-30</subfield>
    <subfield code="e">FUNDI</subfield>
    <subfield code="l">0</subfield>
    <subfield code="o">BPMSU CD RD861.08 D722c 2001</subfield>
    <subfield code="p">BPMSU15041491</subfield>
    <subfield code="r">2015-04-30</subfield>
    <subfield code="t">e.2</subfield>
    <subfield code="w">2015-04-30</subfield>
    <subfield code="y">BK</subfield>
  </datafield>
  <datafield tag="952" ind1=" " ind2=" ">
    <subfield code="0">0</subfield>
    <subfield code="1">0</subfield>
    <subfield code="2">ddc</subfield>
    <subfield code="4">0</subfield>
    <subfield code="7">0</subfield>
    <subfield code="8">CD</subfield>
    <subfield code="a">BPMET</subfield>
    <subfield code="b">BPMET</subfield>
    <subfield code="d">2015-04-30</subfield>
    <subfield code="e">FUNDI</subfield>
    <subfield code="l">0</subfield>
    <subfield code="o">BPMSU CD RD861.08 D722c 2001</subfield>
    <subfield code="p">BPMSU24070047</subfield>
    <subfield code="r">2024-07-11</subfield>
    <subfield code="t">e.3</subfield>
    <subfield code="w">2015-04-30</subfield>
    <subfield code="y">BK</subfield>
  </datafield>
  <datafield tag="999" ind1=" " ind2=" ">
    <subfield code="c">7761</subfield>
    <subfield code="d">7761</subfield>
  </datafield>
</record>
